[Event "Caribean-chT 24th"]
[Site "San Salvador"]
[Date "2023.07.06"]
[Round "13.2"]
[White "Daniel, Cyrus"]
[Black "Etienne, Angelo"]
[Result "0-1"]
[WhiteElo "1629"]
[BlackElo "2079"]
[PlyCount "75"]
[EventDate "2023.07.06"]
[EventType "tourn"]
[EventRounds "15"]
[EventCountry "ESA"]
[SourceTitle "CBM 215 Extra"]
[Source "ChessBase"]
[SourceDate "2023.09.30"]
[SourceVersion "1"]
[SourceVersionDate "2023.09.30"]
[SourceQuality "1"]
[WhiteTeam "Santa Lucia"]
[BlackTeam "Haiti"]
[WhiteTeamCountry "SLU"]
[BlackTeamCountry "HAI"]

1. d4 Nf6 2. Bf4 d6 3. e3 g6 4. Nc3 Bg7 5. e4 Nbd7 6. Qd2 e5 7. Bh6 0-0 8. Bxg7 Kxg7 9. h4 h5 10. f3 Qe7 11. 0-0-0 a5 12. a3 exd4 13. Qxd4 Qe5 14. Qc4 Nc5 15. Nge2 Be6 16. Qd4 Rad8 17. Nb5 Na6 18. Qa7 Qxb5 19. Nd4 Qb6 20. Qxb6 cxb6 21. Nb5 d5 22. e5 Nd7 23. f4 Nac5 24. Nc7 Ne4 25. Rg1 Ndc5 26. Be2 Rd7 27. Nb5 Rfd8 28. g4 hxg4 29. Nd6 Nxd6 30. Bxg4 Bxg4 31. Rxg4 Nde4 32. Rf1 Rh8 33. f5 Rc7 34. fxg6 fxg6 35. Rfg1 Rh6 36. h5 g5 37. R1g2 Rxh5 38. Kd1 0-1

[Event "Caribean-chT 24th"]
[Site "San Salvador"]
[Date "2023.07.06"]
[Round "1.2"]
[White "Ibarra Chami, Luis Fernando"]
[Black "Daniel, Cyrus"]
[Result "1-0"]
[WhiteElo "2450"]
[BlackElo "1629"]
[PlyCount "73"]
[EventDate "2023.07.06"]
[EventType "tourn"]
[EventRounds "15"]
[EventCountry "ESA"]
[SourceTitle "CBM 215 Extra"]
[Source "ChessBase"]
[SourceDate "2023.09.30"]
[SourceVersion "1"]
[SourceVersionDate "2023.09.30"]
[SourceQuality "1"]
[WhiteTeam "Mexico"]
[BlackTeam "Santa Lucia"]
[WhiteTeamCountry "MEX"]
[BlackTeamCountry "SLU"]

1. c4 c6 2. Nc3 d5 3. e3 Nf6 4. Nf3 e6 5. b3 Bb4 6. Bb2 Nbd7 7. Qc2 Qe7 8. a3 Ba5 9. Be2 h6 10. 0-0 0-0 11. b4 Bb6 12. b5 cxb5 13. cxd5 a6 14. dxe6 Qxe6 15. d4 Ba5 16. Bd3 Nb6 17. e4 Nc4 18. d5 Qg4 19. Bxc4 bxc4 20. Ne5 Qf4 21. Nxc4 Bxc3 22. Qxc3 Qxe4 23. Rad1 Bf5 24. Rfe1 Qc2 25. Qxc2 Bxc2 26. Rd2 Bb3 27. Nb6 Rad8 28. Bxf6 gxf6 29. d6 Be6 30. Rc1 Bf5 31. h3 Be4 32. Rc7 Bc6 33. Nc4 Rfe8 34. Na5 Re1+ 35. Kh2 Rc1 36. Nxb7 Rc4 37. Nxd8 1-0

[Event "Caribean-chT 24th"]
[Site "San Salvador"]
[Date "2023.07.06"]
[Round "7.2"]
[White "Lee, Hayden"]
[Black "Daniel, Cyrus"]
[Result "1-0"]
[WhiteElo "1757"]
[BlackElo "1629"]
[PlyCount "81"]
[EventDate "2023.07.06"]
[EventType "tourn"]
[EventRounds "15"]
[EventCountry "ESA"]
[SourceTitle "CBM 215 Extra"]
[Source "ChessBase"]
[SourceDate "2023.09.30"]
[SourceVersion "1"]
[SourceVersionDate "2023.09.30"]
[SourceQuality "1"]
[WhiteTeam "Trinidad and Tobago"]
[BlackTeam "Santa Lucia"]
[WhiteTeamCountry "TRI"]
[BlackTeamCountry "SLU"]

1. d4 d5 2. Nf3 Nf6 3. e3 c6 4. Bd3 Bg4 5. Nbd2 e6 6. h3 Bh5 7. 0-0 Be7 8. b3 0-0 9. Bb2 Nbd7 10. Qe1 Re8 11. Ne5 Nxe5 12. dxe5 Nd7 13. f4 Bg6 14. e4 Bh4 15. g3 Be7 16. f5 dxe4 17. fxg6 fxg6 18. Nxe4 Nc5 19. Nxc5 Bxc5+ 20. Kh2 Rf8 21. Bc4 Qe7 22. Qe4 Rad8 23. Rad1 Rxd1 24. Rxd1 Rf2+ 25. Kh1 Qf7 26. Qg4 Rf5 27. Rd8+ Bf8 28. Qe2 Rf2 29. Bxe6 Qxe6 30. Qxf2 Qxh3+ 31. Kg1 Qf5 32. Qxf5 gxf5 33. Ba3 Kf7 34. Rxf8+ Ke6 35. Re8+ Kd5 36. e6 g5 37. e7 h5 38. Rd8+ Ke4 39. e8Q+ Kf3 40. Rd3+ Kg4 41. Qe2+ 1-0

[Event "Caribean-chT 24th"]
[Site "San Salvador"]
[Date "2023.07.06"]
[Round "3.2"]
[White "Quesada Perez, Luis Ernesto"]
[Black "Daniel, Cyrus"]
[Result "1-0"]
[WhiteElo "2554"]
[BlackElo "1629"]
[PlyCount "81"]
[EventDate "2023.07.06"]
[EventType "tourn"]
[EventRounds "15"]
[EventCountry "ESA"]
[SourceTitle "CBM 215 Extra"]
[Source "ChessBase"]
[SourceDate "2023.09.30"]
[SourceVersion "1"]
[SourceVersionDate "2023.09.30"]
[SourceQuality "1"]
[WhiteTeam "Cuba"]
[BlackTeam "Santa Lucia"]
[WhiteTeamCountry "CUB"]
[BlackTeamCountry "SLU"]

1. d4 d5 2. Nf3 Nf6 3. c4 c6 4. Nc3 dxc4 5. a4 Bf5 6. Ne5 e6 7. f3 Nbd7 8. Nxc4 Be7 9. e4 Bg6 10. Be2 c5 11. d5 exd5 12. Nxd5 Nxd5 13. Qxd5 Qc7 14. g3 0-0 15. Bf4 Qc8 16. a5 Nf6 17. Qd2 Rd8 18. Qc3 Nh5 19. Be3 Qc7 20. Kf2 Re8 21. Qe5 Qc6 22. Rhd1 Bf8 23. Qd5 Qc7 24. Qd7 Rac8 25. Qxc7 Rxc7 26. e5 f5 27. f4 Bf7 28. Nd6 Bxd6 29. exd6 Rd7 30. Bb5 Red8 31. Bxc5 Nf6 32. Bxd7 Ne4+ 33. Kg1 Nxc5 34. Bxf5 g6 35. Rac1 Nb3 36. Rc8 Rxc8 37. Bxc8 Be8 38. Be6+ Kg7 39. d7 Bxd7 40. Rxd7+ Kf6 41. Bxb3 1-0

[Event "Caribean-chT 24th"]
[Site "San Salvador"]
[Date "2023.07.06"]
[Round "9.2"]
[White "Ynojosa Aponte, Felix Jose"]
[Black "Daniel, Cyrus"]
[Result "1-0"]
[WhiteElo "2413"]
[BlackElo "1629"]
[PlyCount "65"]
[EventDate "2023.07.06"]
[EventType "tourn"]
[EventRounds "15"]
[EventCountry "ESA"]
[SourceTitle "CBM 215 Extra"]
[Source "ChessBase"]
[SourceDate "2023.09.30"]
[SourceVersion "1"]
[SourceVersionDate "2023.09.30"]
[SourceQuality "1"]
[WhiteTeam "Venezuela"]
[BlackTeam "Santa Lucia"]
[WhiteTeamCountry "VEN"]
[BlackTeamCountry "SLU"]

1. c4 c6 2. e4 d5 3. cxd5 cxd5 4. exd5 Nf6 5. Bb5+ Bd7 6. Bc4 b5 7. Bb3 a5 8. a3 g6 9. Nf3 Bg7 10. 0-0 0-0 11. d4 Bg4 12. h3 Bxf3 13. Qxf3 Nbd7 14. Nc3 b4 15. axb4 axb4 16. Rxa8 Qxa8 17. Ne2 Nb6 18. Nf4 Rd8 19. Re1 Nfxd5 20. Nxd5 Nxd5 21. Bg5 Bf8 22. Re5 Nf6 23. Qd3 Qa7 24. Qc4 e6 25. Bxf6 Qa1+ 26. Kh2 Bd6 27. Bxd8 Bxe5+ 28. dxe5 Qxb2 29. Bh4 Qxe5+ 30. Bg3 Qf6 31. Qxb4 h5 32. Qb8+ Kh7 33. Be5 1-0

[Event "Caribean-chT Rapid 24th"]
[Site "San Salvador"]
[Date "2023.07.05"]
[Round "12.2"]
[White "Daniel, Cyrus"]
[Black "Del Castilho, Martyn Simon"]
[Result "1/2-1/2"]
[WhiteElo "1658"]
[BlackElo "2179"]
[PlyCount "96"]
[EventDate "2023.07.03"]
[EventType "tourn (rapid)"]
[EventRounds "15"]
[EventCountry "ESA"]
[SourceTitle "CBM 215 Extra"]
[Source "ChessBase"]
[SourceDate "2023.09.30"]
[SourceVersion "1"]
[SourceVersionDate "2023.09.30"]
[SourceQuality "1"]
[WhiteTeam "Santa Lucia"]
[BlackTeam "Barbados"]
[WhiteTeamCountry "SLU"]
[BlackTeamCountry "BAR"]

1. d4 d5 2. c4 e6 3. Nc3 a6 4. Nf3 dxc4 5. e3 b5 6. a4 b4 7. Ne5 Bb7 8. Ne2 Nf6 9. Nxc4 c5 10. b3 Nbd7 11. Ng3 Be7 12. Bb2 0-0 13. f3 Nd5 14. Qd2 cxd4 15. Bxd4 Qc7 16. Bd3 Bh4 17. Kf1 Bf6 18. Rc1 Bxd4 19. exd4 Rac8 20. Qg5 Qf4 21. Qxf4 Nxf4 22. Be4 Bd5 23. Ne2 Nxe2 24. Kxe2 Bxc4+ 25. bxc4 a5 26. c5 Nf6 27. Ke3 Rfd8 28. Rhd1 Nd5+ 29. Bxd5 Rxd5 30. Rc4 Kf8 31. c6 Rc7 32. Rdc1 Ke7 33. Rc5 Kd6 34. Rxd5+ exd5 35. Rc5 Rxc6 36. Rxa5 Rb6 37. Kd2 b3 38. Rb5 Rxb5 39. axb5 Kc7 40. Kc3 Kb6 41. Kxb3 Kxb5 42. h4 h5 43. g4 g6 44. g5 Ka5 45. Ka3 Kb5 46. Kb3 Ka5 47. Ka3 Kb5 48. Kb3 Ka5 1/2-1/2

[Event "Caribean-chT Rapid 24th"]
[Site "San Salvador"]
[Date "2023.07.04"]
[Round "10.2"]
[White "Daniel, Cyrus"]
[Black "Arvelo Leo, Gian Carlo"]
[Result "0-1"]
[WhiteElo "1658"]
[BlackElo "2075"]
[PlyCount "88"]
[EventDate "2023.07.03"]
[EventType "tourn (rapid)"]
[EventRounds "15"]
[EventCountry "ESA"]
[SourceTitle "CBM 215 Extra"]
[Source "ChessBase"]
[SourceDate "2023.09.30"]
[SourceVersion "1"]
[SourceVersionDate "2023.09.30"]
[SourceQuality "1"]
[WhiteTeam "Santa Lucia"]
[BlackTeam "Dominican Republic"]
[WhiteTeamCountry "SLU"]
[BlackTeamCountry "DOM"]

1. d4 Nf6 2. Nf3 d6 3. Bf4 Nc6 4. d5 Nb4 5. c4 a5 6. a3 Na6 7. Nc3 g6 8. e4 Bg7 9. Qd2 Nc5 10. Qc2 a4 11. Be2 0-0 12. 0-0 Bg4 13. Rad1 Nfd7 14. h3 Bxf3 15. Bxf3 Ne5 16. Be2 c6 17. Be3 Ned7 18. Bd4 Bxd4 19. Rxd4 Qb6 20. Rdd1 Qb3 21. Qxb3 Nxb3 22. f4 Nb6 23. Nb1 Rfc8 24. Nd2 cxd5 25. Nxb3 axb3 26. Rxd5 Nxd5 27. exd5 b5 28. Rc1 bxc4 29. Rxc4 Rxc4 30. Bxc4 Rc8 31. Bxb3 Rb8 32. Bc4 Rxb2 33. a4 Rb4 34. Bb5 Rxf4 35. a5 Rb4 36. Bc6 Rb1+ 37. Kf2 Ra1 38. Ke3 Rxa5 39. Kd4 Kg7 40. g4 Ra3 41. h4 Rg3 42. h5 Rxg4+ 43. Ke3 gxh5 44. Bd7 Rb4 0-1

[Event "Caribean-chT Rapid 24th"]
[Site "San Salvador"]
[Date "2023.07.04"]
[Round "6.2"]
[White "Etienne, Angelo"]
[Black "Daniel, Cyrus"]
[Result "1-0"]
[WhiteElo "2080"]
[BlackElo "1658"]
[PlyCount "79"]
[EventDate "2023.07.03"]
[EventType "tourn (rapid)"]
[EventRounds "15"]
[EventCountry "ESA"]
[SourceTitle "CBM 215 Extra"]
[Source "ChessBase"]
[SourceDate "2023.09.30"]
[SourceVersion "1"]
[SourceVersionDate "2023.09.30"]
[SourceQuality "1"]
[WhiteTeam "Haiti"]
[BlackTeam "Santa Lucia"]
[WhiteTeamCountry "HAI"]
[BlackTeamCountry "SLU"]

1. Nf3 d5 2. g3 Nf6 3. Bg2 Bf5 4. 0-0 e6 5. d3 Be7 6. Nbd2 0-0 7. c4 c6 8. Nh4 Bg4 9. Re1 Nbd7 10. h3 Bh5 11. Qc2 Ne8 12. Nhf3 Bg6 13. e4 dxe4 14. Nxe4 h6 15. Bf4 Nc5 16. Nxc5 Bxc5 17. Ne5 Bh7 18. Rad1 f6 19. Ng4 e5 20. Be3 Bxe3 21. Nxe3 Qd4 22. Qb3 Qd7 23. Kh2 Rd8 24. Be4 f5 25. Bg2 f4 26. Ng4 fxg3+ 27. fxg3 Qc7 28. Nxe5 Nf6 29. d4 Kh8 30. d5 cxd5 31. cxd5 Ne8 32. Rc1 Qb8 33. Qa4 Nf6 34. Qd4 Nd7 35. Nxd7 Rxd7 36. Re6 Rfd8 37. Rxh6 Kg8 38. Re6 Rd6 39. Re7 Rg6 40. Rcc7 1-0

[Event "Caribean-chT Rapid 24th"]
[Site "San Salvador"]
[Date "2023.07.04"]
[Round "9.2"]
[White "Ynojosa Aponte, Felix Jose"]
[Black "Daniel, Cyrus"]
[Result "1-0"]
[WhiteElo "2406"]
[BlackElo "1658"]
[PlyCount "53"]
[EventDate "2023.07.03"]
[EventType "tourn (rapid)"]
[EventRounds "15"]
[EventCountry "ESA"]
[SourceTitle "CBM 215 Extra"]
[Source "ChessBase"]
[SourceDate "2023.09.30"]
[SourceVersion "1"]
[SourceVersionDate "2023.09.30"]
[SourceQuality "1"]
[WhiteTeam "Venezuela"]
[BlackTeam "Santa Lucia"]
[WhiteTeamCountry "VEN"]
[BlackTeamCountry "SLU"]

1. e4 e5 2. Nf3 d6 3. Bc4 Be7 4. d4 exd4 5. Qxd4 Nf6 6. e5 dxe5 7. Qxd8+ Bxd8 8. Nxe5 Be6 9. Bxe6 fxe6 10. Nc3 0-0 11. 0-0 Nbd7 12. Re1 Nxe5 13. Rxe5 Ng4 14. Re2 c6 15. Ne4 Bc7 16. h3 Nf6 17. Nc5 Rad8 18. Bg5 e5 19. Ne6 Rd5 20. Nxc7 Rd6 21. Rxe5 Nd7 22. Be7 Nxe5 23. Bxd6 Rf6 24. Bxe5 Rf8 25. Rd1 h6 26. Rd7 Rf5 27. Rxg7+ 1-0

[Event "Central America-ch 24th"]
[Site "San Salvador"]
[Date "2023.01.21"]
[Round "6"]
[White "Daniel, Cyrus"]
[Black "Lee, Hayden"]
[Result "1-0"]
[WhiteElo "1690"]
[BlackElo "1966"]
[PlyCount "117"]
[EventDate "2023.01.21"]
[EventType "swiss"]
[EventRounds "11"]
[EventCountry "ESA"]
[SourceTitle "CBM 212 Extra"]
[Source "ChessBase"]
[SourceDate "2023.03.31"]
[SourceVersion "1"]
[SourceVersionDate "2023.03.31"]
[SourceQuality "1"]

1. e4 c5 2. Nc3 e6 3. f4 a6 4. a4 Qc7 5. d4 cxd4 6. Qxd4 Nf6 7. Be3 Ng4 8. Qb6 Qc6 9. Qxc6 Nxc6 10. Bd2 Bc5 11. Nh3 Nb4 12. Rc1 0-0 13. Nd1 Nf6 14. c3 Nc6 15. Bd3 d5 16. e5 Ne4 17. Be3 Be7 18. 0-0 Bd7 19. Bxe4 dxe4 20. Ndf2 Na5 21. Nxe4 Nc4 22. Bc5 Rfe8 23. b3 Na5 24. Bxe7 Rxe7 25. Nc5 Bc6 26. b4 Nc4 27. a5 Rd8 28. Rfd1 Ree8 29. Kf2 h6 30. Ng1 Kf8 31. Ne2 Rd2 32. Rxd2 Nxd2 33. Nd4 Bd5 34. g3 Ke7 35. Ke3 Nc4+ 36. Kd3 f6 37. exf6+ gxf6 38. Re1 Kd6 39. Nxb7+ Bxb7 40. Kxc4 h5 41. Kd3 h4 42. c4 f5 43. c5+ Kd7 44. Re3 Be4+ 45. Kc4 h3 46. Ne2 Rd8 47. Nc3 Bc2 48. Ne2 Ke7 49. Nd4 Be4 50. Rxe4 fxe4 51. Nc6+ Kd7 52. Nxd8 Kxd8 53. Kd4 e3 54. Kxe3 Kd7 55. Ke4 Kc6 56. Ke5 Kb5 57. Kxe6 Kxb4 58. c6 Kxa5 59. c7 1-0

[Event "Central America-ch 24th"]
[Site "San Salvador"]
[Date "2023.01.21"]
[Round "8"]
[White "De Mey, Juan Pablo"]
[Black "Daniel, Cyrus"]
[Result "1-0"]
[WhiteElo "2013"]
[BlackElo "1690"]
[PlyCount "121"]
[EventDate "2023.01.21"]
[EventType "swiss"]
[EventRounds "11"]
[EventCountry "ESA"]
[SourceTitle "CBM 212 Extra"]
[Source "ChessBase"]
[SourceDate "2023.03.31"]
[SourceVersion "1"]
[SourceVersionDate "2023.03.31"]
[SourceQuality "1"]

1. e4 e5 2. Nf3 Nc6 3. Bb5 a6 4. Ba4 Nf6 5. 0-0 b5 6. Bb3 Be7 7. Re1 0-0 8. c3 d5 9. exd5 Nxd5 10. Nxe5 Nxe5 11. Rxe5 c6 12. d4 Bd6 13. Re1 Qh4 14. g3 Qh3 15. Qf3 Bg4 16. Qg2 Qh5 17. Nd2 Rfe8 18. Rf1 Bh3 19. Qf3 Qxf3 20. Nxf3 Bxf1 21. Kxf1 a5 22. Bc2 a4 23. Bd2 Nb6 24. Rd1 Nc4 25. Bc1 a3 26. b3 Nb2 27. Rd2 h6 28. Bb1 c5 29. Bxb2 axb2 30. Rxb2 cxd4 31. Nxd4 b4 32. cxb4 Be5 33. Rd2 Rad8 34. Nf3 Rxd2 35. Nxd2 Bc3 36. Nf3 Bxb4 37. Bd3 g5 38. h3 Kg7 39. a4 Rd8 40. Bc4 f5 41. Ne5 Rd1+ 42. Kg2 Rd2 43. Nd3 Bd6 44. a5 Rc2 45. a6 Bb8 46. g4 fxg4 47. hxg4 Ba7 48. Kf3 Kf6 49. Ke4 Re2+ 50. Kd5 Rd2 51. Kc6 Ke7 52. Kb7 Kd6 53. Kxa7 Kc7 54. Nb4 Rxf2 55. Nd5+ Kc8 56. Kb6 h5 57. gxh5 g4 58. a7 Ra2 59. Ba6+ Rxa6+ 60. Kxa6 g3 61. a8Q+ 1-0

[Event "Central America-ch 24th"]
[Site "San Salvador"]
[Date "2023.01.21"]
[Round "3"]
[White "Johnson, Joshua"]
[Black "Daniel, Cyrus"]
[Result "1-0"]
[WhiteElo "2172"]
[BlackElo "1690"]
[PlyCount "85"]
[EventDate "2023.01.21"]
[EventType "swiss"]
[EventRounds "11"]
[EventCountry "ESA"]
[SourceTitle "CBM 212 Extra"]
[Source "ChessBase"]
[SourceDate "2023.03.31"]
[SourceVersion "1"]
[SourceVersionDate "2023.03.31"]
[SourceQuality "1"]

1. e4 e5 2. Nf3 Nc6 3. Bc4 Bc5 4. c3 Nf6 5. d3 0-0 6. Bb3 d6 7. Nbd2 Bg4 8. h3 Bh5 9. Nf1 d5 10. Qe2 dxe4 11. dxe4 Bg6 12. Ng3 Nd7 13. h4 h6 14. h5 Bh7 15. Nh4 Qe7 16. Ng6 Qf6 17. Nxf8 Nxf8 18. Be3 Bb6 19. Qf3 Qxf3 20. gxf3 Bxe3 21. fxe3 Na5 22. Nf5 Nxb3 23. axb3 Ne6 24. Ke2 Bxf5 25. exf5 Nc5 26. b4 Nd7 27. Ra5 f6 28. Rha1 a6 29. b5 Nb6 30. bxa6 bxa6 31. Rxa6 Rd8 32. e4 Kf7 33. Ra7 Rd7 34. Rd1 Re7 35. Rd8 c5 36. Rxe7+ Kxe7 37. Rg8 Kf7 38. Rb8 Nd7 39. Rb7 Ke7 40. Kd3 Kd6 41. Kc4 Kc6 42. Rxd7 Kxd7 43. Kxc5 1-0